000 00412nam a2200169Ia 4500
008 230524s9999 xx 000 0 und d
082 _a658.43
_bKAZ
100 _aS H H Kazmi
245 0 _a"Advertising & Sales Promotion, "
250 _a3RD
260 _aNEW DELHI
_bExcel
_c2008
300 _aXIV;653
500 _aQuantity Number: 10
650 _aManagement
700 _a Satish K Batra
942 _cBK
999 _c44183
_d44183